I, Cyborg (Record no. 14978)

MARC details
000 -LEADER
fixed length control field 00463nam a2200181Ia 4500
003 - CONTROL NUMBER IDENTIFIER
control field IN-BaIIA
008 - FIXED-LENGTH DATA ELEMENTS--GENERAL INFORMATION
fixed length control field 211028s9999 xx 000 0 eng d
020 ## - INTERNATIONAL STANDARD BOOK NUMBER
International Standard Book Number 0-7126-6988-4
040 ## - CATALOGING SOURCE
Transcribing agency IIA Library
080 ## - UNIVERSAL DECIMAL CLASSIFICATION NUMBER
Universal Decimal Classification number [8]:01:00
Item number WAR
100 ## - MAIN ENTRY--PERSONAL NAME
Personal name Warwick, K
9 (RLIN) 27124
245 #0 - TITLE STATEMENT
Title I, Cyborg
Statement of responsibility, etc. K. Warwick
260 ## - PUBLICATION, DISTRIBUTION, ETC.
Place of publication, distribution, etc. London
Name of publisher, distributor, etc. Century
Date of publication, distribution, etc. 2002
300 ## - PHYSICAL DESCRIPTION
Extent viii, 312p.
650 ## - SUBJECT ADDED ENTRY--TOPICAL TERM
Topical term or geographic name entry element Autobiography - Kevin Warwick
9 (RLIN) 27125
650 ## - SUBJECT ADDED ENTRY--TOPICAL TERM
Topical term or geographic name entry element Cybernetics
9 (RLIN) 14201
942 ## - ADDED ENTRY ELEMENTS (KOHA)
Koha item type Books
Holdings
Withdrawn status Lost status Damaged status Not for loan Home library Current library Shelving location Date acquired Source of acquisition Cost, normal purchase price Total Checkouts Full call number Barcode Date last seen Cost, replacement price Price effective from Koha item type Purchase Price
        IIA Library-Bangalore IIA Library-Bangalore General Stacks 19/03/2003 EDS 779.51   92:53/ WAR 15900 05/11/2021 779.51 19/03/2003 Books Rs. 779.51

Powered by Koha